|
|
|
|
| LEADER |
00000cam a2200000 7i4500 |
| 001 |
0000078298 |
| 005 |
20180129.0 |
| 008 |
161006 |
| 020 |
|
|
|a 9789830534218
|
| 020 |
|
|
|a 9879830534183(set)
|
| 090 |
0 |
0 |
|a PR
|b MAL
|
| 100 |
1 |
|
|a Muhammad Umar
|
| 245 |
1 |
0 |
|a Berjalan kaki dengan selamat
|c Muhammad Umar
|
| 260 |
|
|
|a Kuala Lumpur :
|b Pustaka Prinsip ,
|c 2007
|
| 300 |
|
|
|a 28pg. :
|b B&W
|
| 490 |
1 |
|
|a Siri Panduan Keselamatan Jalan Raya
|
| 500 |
|
|
|a Children ages 7-9 years old (orange)
|
| 650 |
|
0 |
|a Malay language
|x Readers
|
| 999 |
|
|
|a 0001049845
|b Book
|c Children Collection
|e Cawangan Bandar Penawar
|
| 999 |
|
|
|a 0001049846
|b Book
|c Children Collection
|e Cawangan Bandar Penawar
|
| 999 |
|
|
|a 0001049847
|b Book
|c Children Collection
|e Cawangan Taman Universiti
|